| 000 | 00819nam a2200265Ia 4500 | ||
|---|---|---|---|
| 001 | Para_3412 | ||
| 003 | CHAP | ||
| 008 | 220125s1915 xx 000 0 und d | ||
| 010 | _a202001 | ||
| 040 | _cCHAP | ||
| 082 | _aPA-C 595.752 B33 | ||
| 100 |
_aBaker, Arthur C _9166681 |
||
| 245 |
_aThe brown grape aphid / _c Arthur C. Baker and W. F. Turner |
||
| 260 |
_a: _b |
||
| 500 | _aSobretiro de: Science, N. S. 41 (1066): P. 384, 1915. Encuadernado con: Classification of the Aleyrodidae/ A. L. Quaintance | ||
| 650 |
_aAfididos Macrosiphum viticola Vid _x Plagas _9166973 |
||
| 700 |
_aTurner, W. F. _9115672 |
||
| 901 | _aPA-C 595.752 B33 | ||
| 902 | _aA | ||
| 905 | _a0000001915 0000000000 00 | ||
| 910 | _a1915 | ||
| 942 | _cPARA | ||
| 942 |
_cPARA _d1 |
||
| 999 |
_c202001 _d202001 |
||